000 00957nam a2200289 a 4500
001 000043430
005 20201002040915.0
008 140314s1983 sp 000 0 spa d
020 _a8402046290
040 _aDO-SdBNP
_bspa
_cBNPHU
041 1 7 _aeng
_hspa
082 _a813.54
_bA832a, 1983
100 1 _aAsimov, Isaac,
_d1920-1992.
_913328
240 1 0 _athe early Asimov
_lEspañol.
245 1 0 _aAsimov-I /
_cIsaac Asimov ; traducción Ma. Teresa Segur.
246 1 4 _aIsaac Asimov :
_bselección I
250 _a5a ed.
260 _aBarcelona :
_bBruguera,
_c1983.
300 _a250 p. ;
_c18 cm.
490 1 _aBruguera. Libro amigo
_v336
500 _aIncluye notas al pie de las páginas
600 1 4 _aASIMOV, ISAAC
_d1920-1992
_vANTOLOGÍAS
_971092
650 4 _aNovela norteamericana
_ySIGLO XX
_971093
700 1 2 _aSegur, Ma. Teresa
_etr.
_971094
830 0 _aBruguera. Libro amigo ;
_n336
_971095
910 _aValidado. Control de calidad MFF
999 _c42919
_d42919